| 000 | 00420nam a2200157 a 4500 | ||
|---|---|---|---|
| 082 | 0 | 0 |
_a291.172 _bKRA |
| 100 | _aKraemer, Hendrik | ||
| 245 | _aWorld Cultures and World Religions | ||
| 260 |
_aPhiladelphia _bWestminster Press _c1960 |
||
| 300 | _a385p | ||
| 500 | _aincludes index and biblioraphy | ||
| 650 | _aReconciliation-Interfaith | ||
| 650 | _aInterfaith Dialogue | ||
| 700 | 1 | _aKraemer, Hendrik | |
| 942 | _cBK | ||
| 999 |
_c19062 _d19062 |
||